SBL - Statistics

General Stats
  • This quiz has been taken 9 times
  • The average score is 44 of 61
Answer Stats
Pjesme % Correct
aMNEZIA
100%
Bolestan
100%
FENOMENALNO!
100%
iSTINA
100%
Kawasaki
100%
Kriv Sam
100%
Moje Šuze
100%
Plejka
100%
TAJ LIK!
100%
Candy Crush
86%
Doviđenja
86%
fAZA
86%
Fejk
86%
GRRPOW
86%
Katran
86%
Laku Noć
86%
O.D.
86%
Pored Mora
86%
Samo Frend
86%
Upaljač
86%
Zabava
86%
A4
71%
Bila Si Mi San
71%
Film
71%
Iznad
71%
jackiechan!
71%
Juhuu (baš sam sretan)
71%
Lani
71%
Mali Jac
71%
Meteor
71%
Možda Se Nađemo Na Našem Tajnom Mjestu
71%
Ne Zovi me u Klub
71%
Nije Tako Strašno
71%
Pizdim Freestyle
71%
PLAN A \ PLAN B
71%
Slavuj i Ruža
71%
Speed Racer
71%
sTAMINA
71%
Studeni
71%
333
57%
ABC
57%
Hladan kao Sljeme
57%
Isti Sam
57%
KAKO VOZi!
57%
Kao On
57%
MANIJAK
57%
Novi AP
57%
NSI
57%
Ples Na Kiši
57%
Različiti Svjetovi
57%
Sjeban Sam
57%
Srednja
57%
Svemir
57%
Taboo
57%
Wow
57%
Zaustavi se
57%
Lutam sam
43%
Rate
43%
Stidljiva
43%
Opet
29%
Uno
29%
No matching quizzes found
Score Distribution
Percent of People with Each Score
Percentile by Number Answered
Your Score History
You have not taken this quiz